Statistics for Fill the World Map by Bordering Country Pairs by Combined Maximum Height

Click here to take the quiz!

General Stats

  • This quiz has been taken 450 times
  • The average score is 38 of 124

Answers on the Map

Answers color-coded by a green-red scale on the quiz's map according to % correct below.
Loading ...
 

Answer Stats

Country% Correct
China
99%
Nepal
92%
India
87%
Pakistan
87%
Afghanistan
80%
Tajikistan
78%
Kyrgyzstan
72%
Kazakhstan
72%
Chile
70%
Argentina
70%
Bolivia
69%
Peru
69%
United States
66%
Canada
66%
Ecuador
62%
Colombia
62%
Russia
59%
Kenya
59%
Tanzania
59%
Iran
57%
Turkey
57%
Georgia
57%
France
54%
Italy
54%
Uganda
52%
DRC
52%
Indonesia
49%
Guatemala
49%
Papua New Guinea
49%
Mexico
49%
Austria
46%
Switzerland
46%
Azerbaijan
41%
Brazil
41%
Armenia
41%
Venezuela
41%
Myanmar
38%
Laos
37%
Turkmenistan
36%
Uzbekistan
36%
Morocco
32%
Spain
32%
Ethiopia
30%
South Sudan
29%
South Africa
25%
Lesotho
25%
Thailand
24%
Malaysia
24%
Libya
23%
Poland
23%
Algeria
23%
Germany
23%
United Kingdom
22%
Ireland
22%
Rwanda
22%
Cambodia
22%
Burundi
22%
Chad
21%
North Korea
21%
South Korea
21%
Vietnam
21%
Panama
20%
Costa Rica
20%
Cameroon
20%
Dominican Republic
20%
Suriname
20%
Guyana
20%
Haiti
20%
Saudi Arabia
19%
Sweden
19%
Zambia
19%
Syria
19%
Sudan
19%
Norway
19%
Yemen
19%
Zimbabwe
19%
Iraq
19%
Eritrea
19%
Belgium
18%
Netherlands
18%
Mozambique
17%
Malawi
17%
Honduras
17%
El Salvador
17%
Slovakia
16%
Slovenia
16%
Macedonia
16%
Ukraine
16%
Greece
16%
Albania
16%
Croatia
16%
Bulgaria
16%
Angola
16%
Namibia
16%
Serbia
15%
Romania
15%
Nigeria
14%
Oman
14%
United Arab Emirates
14%
Somalia
13%
Kosovo
13%
Djibouti
13%
Niger
13%
Montenegro
13%
CAR
11%
Togo
11%
Israel
11%
Ghana
11%
Lebanon
11%
Republic of the Congo
11%
Mali
11%
Mauritania
11%
Gabon
10%
Equatorial Guinea
10%
Belarus
10%
Latvia
10%
Benin
10%
Burkina Faso
10%
Liberia
9%
Côte d'Ivoire
9%
Guinea
8%
Sierra Leone
8%
Senegal
8%
Guinea-Bissau
8%

Score Distribution

Percentile by Number Answered

Percent of People with Each Score

Your Score History

You have not taken this quiz